| 000 | 00414nam a22001577a 4500 | ||
|---|---|---|---|
| 020 | _a9789380417998 | ||
| 082 |
_aH4 _bVED/S |
||
| 100 | _aVedaprakash Amitabh | ||
| 245 |
_aSamakaleena hindi sahitya: _bsamvedana aur vimars/ _cby Vedaprakash Amitabh |
||
| 260 |
_aKanpur: _bAman Prakasan, _c2012. |
||
| 300 | _a168p. | ||
| 650 | _aEssays Hindi | ||
| 650 | _aLiterature Hindi | ||
| 650 | _aLiterature | ||
| 942 | _cBK | ||
| 999 |
_c63345 _d63345 |
||